Top 10 Scottish PL scorers - Statistics

General Stats
  • This quiz has been taken 19 times
  • The average score is 2 of 10
Answer Stats
Hint Answer % Correct
53 Fletcher
71%
68 Ferguson
50%
33 Adam
29%
56 Gallacher
7%
37 Hutchinson
7%
49 Mcallister
7%
31 Morrison
7%
36 Dickov
0%
22 Elliott
0%
36 Spencer
0%
No matching quizzes found
Score Distribution
Percent of People with Each Score
Percentile by Number Answered
Your Score History
You have not taken this quiz